[Event "Montcalm IV 1998-99"]
[Site "Quebec CAN"]
[Date "1999.02.04"]
[Round "4"]
[White "Auger, Bertrand"]
[Black "Dion, Jean-Francois"]
[Result "1/2-1/2"]
[WhiteElo "2094"]
[BlackElo "1799"]
[PlyCount "73"]
[GameId "2160767911805789"]
[EventDate "1999.01.14"]
[EventType "swiss"]
[EventRounds "5"]
[EventCountry "CAN"]
[SourceTitle "EXT 2022"]
[Source "ChessBase"]
[SourceDate "2021.10.06"]
[SourceVersion "1"]
[SourceVersionDate "2021.10.06"]
[SourceQuality "1"]

1. Nf3 Nf6 2. g3 g6 3. b4 Bg7 4. Bb2 O-O 5. Bg2 d5 6. O-O Nbd7 7. Na3 c6 8. c4 e6 9. b5 c5 10. e3 b6 11. Ne5 Ne4 12. Nc6 Bxb2 13. Nxd8 Bxa1 14. Qxa1 Rxd8 15. cxd5 exd5 16. Nc4 Bb7 17. Bxe4 dxe4 18. h4 Bd5 19. Nd6 f6 20. d4 Kg7 21. f3 exf3 22. e4 Be6 23. Rxf3 cxd4 24. Qxd4 Ne5 25. Rf1 Rd7 26. Qf2 Ng4 27. Qf4 Rad8 28. Rd1 Ne5 29. Rf1 Ng4 30. Rd1 Kf8 31. e5 f5 32. h5 Bxa2 33. hxg6 hxg6 34. Rd2 Be6 35. Qg5 Kg7 36. Qf4 Kg8 37. Kg2 1/2-1/2

[Event "Montcalm IV 1998-99"]
[Site "Quebec CAN"]
[Date "1999.02.04"]
[Round "4"]
[White "Caire, Francois"]
[Black "Trottier, Hugo"]
[Result "1-0"]
[WhiteElo "1872"]
[BlackElo "1673"]
[PlyCount "79"]
[GameId "2160767911805790"]
[EventDate "1999.01.14"]
[EventType "swiss"]
[EventRounds "5"]
[EventCountry "CAN"]
[SourceTitle "EXT 2022"]
[Source "ChessBase"]
[SourceDate "2021.10.06"]
[SourceVersion "1"]
[SourceVersionDate "2021.10.06"]
[SourceQuality "1"]

1. f4 d5 2. Nf3 c5 3. e3 Nc6 4. Bb5 a6 5. Bxc6+ bxc6 6. b3 Nf6 7. Bb2 Bf5 8. Ne5 Qc7 9. d3 e6 10. Nd2 Bd6 11. Qe2 Bxe5 12. Bxe5 Qe7 13. h3 O-O 14. g4 Bg6 15. O-O-O c4 16. dxc4 Qa3+ 17. Kb1 Ne4 18. Rhg1 f6 19. Bb2 Qa5 20. Nxe4 Bxe4 21. Ka1 Qb4 22. g5 f5 23. Qd2 Qxd2 24. Rxd2 Rfd8 25. cxd5 cxd5 26. Rgd1 Bf3 27. Rf1 Be4 28. Be5 Rac8 29. Kb2 Kf7 30. h4 Rc6 31. c3 g6 32. Rh2 Rcc8 33. h5 Ke8 34. hxg6 hxg6 35. Rh6 Kf7 36. Rh7+ Ke8 37. Rg7 Ra8 38. Rf2 d4 39. Rh2 dxc3+ 40. Ka3 1-0

[Event "Montcalm IV 1998-99"]
[Site "Quebec CAN"]
[Date "1999.02.04"]
[Round "4"]
[White "Marquis, Paul"]
[Black "Lessard, Claude"]
[Result "1/2-1/2"]
[WhiteElo "1829"]
[BlackElo "1893"]
[PlyCount "82"]
[GameId "2160767911805791"]
[EventDate "1999.01.14"]
[EventType "swiss"]
[EventRounds "5"]
[EventCountry "CAN"]
[SourceTitle "EXT 2022"]
[Source "ChessBase"]
[SourceDate "2021.10.06"]
[SourceVersion "1"]
[SourceVersionDate "2021.10.06"]
[SourceQuality "1"]

1. e4 e6 2. d4 d5 3. Nd2 Nf6 4. e5 Nfd7 5. f4 c5 6. c3 Nc6 7. Ndf3 Qb6 8. Ne2 f6 9. g3 f5 10. Ng5 Nd8 11. Bg2 Be7 12. Nf3 cxd4 13. cxd4 Qb4+ 14. Qd2 Nb6 15. b3 Nc6 16. Qxb4 Nxb4 17. Kd2 Bd7 18. Nc3 a5 19. a4 Rc8 20. Bb2 O-O 21. Rhc1 h6 22. h4 Nc6 23. Ba3 Bxa3 24. Rxa3 Nb4 25. Bf1 Bc6 26. Raa1 Rfd8 27. Na2 Kf7 28. Nxb4 axb4 29. Ne1 g5 30. Nd3 gxh4 31. gxh4 Rg8 32. Be2 Rg2 33. Rg1 Rh2 34. h5 Bxa4 35. bxa4 Nc4+ 36. Ke1 b3 37. Rb1 b2 38. Nxb2 Na3 39. Rd1 Nc2+ 40. Kf1 Ne3+ 41. Ke1 Nc2+ 1/2-1/2

[Event "Montcalm IV 1998-99"]
[Site "Quebec CAN"]
[Date "1999.05.09"]
[Round "4"]
[White "Caire, Francois"]
[Black "Moss, Laurent"]
[Result "1-0"]
[WhiteElo "1897"]
[BlackElo "1947"]
[PlyCount "69"]
[GameId "2160767911805792"]
[EventDate "1999.01.14"]
[EventType "swiss"]
[EventRounds "5"]
[EventCountry "CAN"]
[SourceTitle "EXT 2009"]
[Source "ChessBase"]
[SourceDate "2008.11.26"]
[SourceVersion "1"]
[SourceVersionDate "2008.11.26"]
[SourceQuality "1"]

1. f4 e5 2. fxe5 d6 3. exd6 Bxd6 4. Nf3 g5 5. g3 g4 6. Nh4 Ne7 7. d4 Ng6 8. Ng2 h5 9. e4 Qe7 10. Qe2 Nc6 11. c3 f6 12. Nf4 Nxf4 13. Bxf4 h4 14. Bxd6 Qxd6 15. Rg1 Bd7 16. Nd2 O-O-O 17. O-O-O f5 18. e5 Qh6 19. d5 Ne7 20. c4 Qb6 21. Bg2 Qa5 22. Kb1 Rh6 23. Nb3 Qa4 24. e6 Be8 25. c5 Bb5 26. Qe3 Rhh8 27. d6 Nc6 28. d7+ Kb8 29. e7 Nb4 30. exd8=Q+ Rxd8 31. a3 Bc4 32. Qe7 a5 33. Qxd8+ Ka7 34. Qxc7 Qxb3 35. Qxb7# 1-0

[Event "Montcalm IV 1998-99"]
[Site "Quebec CAN"]
[Date "1999.05.09"]
[Round "4"]
[White "Desmarais, Emmanuel"]
[Black "Lavroskaja, Alexandra"]
[Result "1-0"]
[WhiteElo "1875"]
[BlackElo "1442"]
[PlyCount "59"]
[GameId "2160767911805793"]
[EventDate "1999.01.14"]
[EventType "swiss"]
[EventRounds "5"]
[EventCountry "CAN"]
[SourceTitle "EXT 2009"]
[Source "ChessBase"]
[SourceDate "2008.11.26"]
[SourceVersion "1"]
[SourceVersionDate "2008.11.26"]
[SourceQuality "1"]

1. e4 d5 2. exd5 Nf6 3. d4 Nxd5 4. c4 Nf6 5. Nc3 Bf5 6. Qf3 Bc8 7. Be3 Nc6 8. d5 Ne5 9. Qg3 Ng6 10. Bd3 e6 11. O-O-O Bd6 12. Qf3 e5 13. h3 Nh4 14. Qe2 Bf5 15. Bg5 Bxd3 16. Rxd3 Nf5 17. c5 Be7 18. Qxe5 Qd7 19. g4 Nh6 20. d6 cxd6 21. cxd6 O-O 22. Bxh6 gxh6 23. dxe7 Qxd3 24. exf8=Q+ Rxf8 25. Qxf6 Qf1+ 26. Kc2 Qg2 27. Qf3 Qxf3 28. Nxf3 Rd8 29. Rd1 Rxd1 30. Nxd1 1-0

[Event "Montcalm IV 1998-99"]
[Site "Quebec CAN"]
[Date "1999.05.09"]
[Round "4"]
[White "Ouellet-Leveille, Clement"]
[Black "Roussel-Roozmon, Thomas"]
[Result "0-1"]
[WhiteElo "1460"]
[BlackElo "1800"]
[PlyCount "120"]
[GameId "2160767911805794"]
[EventDate "1999.01.14"]
[EventType "swiss"]
[EventRounds "5"]
[EventCountry "CAN"]
[SourceTitle "EXT 2009"]
[Source "ChessBase"]
[SourceDate "2008.11.26"]
[SourceVersion "1"]
[SourceVersionDate "2008.11.26"]
[SourceQuality "1"]

1. e4 e5 2. Nf3 Nc6 3. Bc4 Bc5 4. b4 Bxb4 5. c3 Ba5 6. O-O Nf6 7. d4 exd4 8. e5 Ne4 9. cxd4 d5 10. exd6 Nxd6 11. Bb3 O-O 12. Bb2 Bg4 13. Nbd2 Bb6 14. Nc4 Nxc4 15. Bxc4 Nxd4 16. Bxd4 Bxf3 17. Qxf3 Qxd4 18. Bd3 c6 19. Rad1 Qe5 20. Rfe1 Qc7 21. Qh3 g6 22. Re4 Rad8 23. Rde1 Qd7 24. Qxd7 Rxd7 25. Bc4 Rfd8 26. Rf4 Kg7 27. Kf1 Bd4 28. Ree4 Bf6 29. Be2 Rd4 30. Rxd4 Rxd4 31. Rxd4 Bxd4 32. f3 g5 33. Bd3 h6 34. g4 Kf6 35. Kg2 Ke5 36. Kf1 Bc3 37. Ke2 Kd4 38. Be4 Bb4 39. a4 Kc3 40. Bh7 Bc5 41. Bd3 Bd6 42. h3 Bf4 43. a5 a6 44. Bf5 Kb4 45. Bc8 Kxa5 46. Bxb7 Kb5 47. Bc8 a5 48. Bf5 Kc4 49. Bh7 Kc3 50. Bf5 c5 51. Bd7 c4 52. Bc6 Kb3 53. Kd1 a4 54. Be4 a3 55. Bc2+ Kb2 56. Be4 a2 57. Ke2 a1=Q 58. h4 Qc1 59. h5 Qd2+ 60. Kf1 Be3 0-1

[Event "Montcalm IV 1998-99"]
[Site "Quebec CAN"]
[Date "1999.02.11"]
[Round "5"]
[White "Lessard, Claude"]
[Black "Caire, Francois"]
[Result "1-0"]
[WhiteElo "1893"]
[BlackElo "1872"]
[PlyCount "77"]
[GameId "2160767911805795"]
[EventDate "1999.01.14"]
[EventType "swiss"]
[EventRounds "5"]
[EventCountry "CAN"]
[SourceTitle "EXT 2022"]
[Source "ChessBase"]
[SourceDate "2021.10.06"]
[SourceVersion "1"]
[SourceVersionDate "2021.10.06"]
[SourceQuality "1"]

1. d4 Nf6 2. Nf3 b6 3. c4 Bb7 4. Nc3 e6 5. Bg5 Bb4 6. e3 h6 7. Bxf6 Qxf6 8. Be2 Bxc3+ 9. bxc3 d6 10. O-O Nd7 11. Qa4 Qe7 12. c5 c6 13. cxd6 Qxd6 14. Nd2 O-O 15. Bf3 Qc7 16. Qa3 c5 17. Bxb7 Qxb7 18. Rab1 Rac8 19. Rfc1 Rc7 20. f3 Rfc8 21. Ne4 Qc6 22. Rd1 f5 23. d5 exd5 24. Ng3 Qe6 25. Re1 Re8 26. Qa4 c4 27. Qc2 Rf8 28. e4 fxe4 29. fxe4 Nf6 30. exd5 Qxd5 31. Rbd1 Qc5+ 32. Kh1 Ng4 33. Rd4 Nf2+ 34. Kg1 Nd3 35. Re6 Rcf7 36. h3 Rf2 37. Qa4 Qg5 38. Qxc4 Qc1+ 39. Re1+ 1-0

[Event "Montcalm IV 1998-99"]
[Site "Quebec CAN"]
[Date "1999.02.11"]
[Round "5"]
[White "Moisan, Francois"]
[Black "Auger, Bertrand"]
[Result "0-1"]
[WhiteElo "1566"]
[BlackElo "2094"]
[PlyCount "60"]
[GameId "2160767911805796"]
[EventDate "1999.01.14"]
[EventType "swiss"]
[EventRounds "5"]
[EventCountry "CAN"]
[SourceTitle "EXT 2022"]
[Source "ChessBase"]
[SourceDate "2021.10.06"]
[SourceVersion "1"]
[SourceVersionDate "2021.10.06"]
[SourceQuality "1"]

1. e4 e6 2. d4 d5 3. Nd2 Nf6 4. e5 Nfd7 5. Bd3 c5 6. c3 Nc6 7. Ne2 cxd4 8. cxd4 f6 9. exf6 Nxf6 10. O-O Bd6 11. Nf3 O-O 12. Bd2 g6 13. Rc1 Qe7 14. Re1 Qg7 15. Nf4 Ne4 16. Bxe4 Bxf4 17. Bb1 Nxd4 18. Bc3 Nxf3+ 19. gxf3 Qh6 20. Qd4 Qxh2+ 21. Kf1 Qh3+ 22. Ke2 e5 23. Qxd5+ Be6 24. Qxb7 Rab8 25. Qe4 Rbc8 26. Rh1 Qf5 27. Qb4 Qf7 28. Rcd1 Rc4 29. Qb5 Bg5 30. Be4 Rxe4+ 0-1

[Event "Montcalm IV 1998-99"]
[Site "Quebec CAN"]
[Date "1999.05.09"]
[Round "5"]
[White "Roussel-Roozmon, Thomas"]
[Black "Feoktistov, Dmitri"]
[Result "1/2-1/2"]
[WhiteElo "1800"]
[BlackElo "1977"]
[PlyCount "81"]
[GameId "2160767911805797"]
[EventDate "1999.01.14"]
[EventType "swiss"]
[EventRounds "5"]
[EventCountry "CAN"]
[SourceTitle "EXT 2009"]
[Source "ChessBase"]
[SourceDate "2008.11.26"]
[SourceVersion "1"]
[SourceVersionDate "2008.11.26"]
[SourceQuality "1"]

1. d4 d5 2. c4 e6 3. cxd5 exd5 4. Nc3 Nf6 5. Bg5 Be7 6. e3 O-O 7. Bd3 c6 8. Qc2 Nbd7 9. Nf3 Re8 10. O-O Ne4 11. Bxe7 Qxe7 12. Rab1 Ndf6 13. b4 Nxc3 14. Qxc3 Ne4 15. Qc2 a6 16. a4 Bg4 17. Rfc1 f6 18. Rb3 Kh8 19. b5 axb5 20. axb5 Bxf3 21. gxf3 Ng5 22. Kg2 cxb5 23. h4 Nf7 24. Rxb5 Nd6 25. Rxd5 Rec8 26. Rc5 g6 27. Qb3 f5 28. Rxc8+ Rxc8 29. Rxc8+ Nxc8 30. Kg3 Nd6 31. Qd5 Qc7 32. f4 Qc1 33. Qf3 b5 34. h5 gxh5 35. Qxh5 Qg1+ 36. Kf3 Qd1+ 37. Be2 Qc2 38. Qh6 Qc6+ 39. d5 Qxd5+ 40. Kg3 Ne4+ 41. Kg2 1/2-1/2

[Event "Montcalm IV 1998-99"]
[Site "Quebec CAN"]
[Date "1999.05.09"]
[Round "6"]
[White "Feoktistov, Dmitri"]
[Black "Roussel-Roozmon, Thomas"]
[Result "1-0"]
[WhiteElo "1977"]
[BlackElo "1800"]
[PlyCount "59"]
[GameId "2160767911805798"]
[EventDate "1999.01.14"]
[EventType "swiss"]
[EventRounds "5"]
[EventCountry "CAN"]
[SourceTitle "EXT 2009"]
[Source "ChessBase"]
[SourceDate "2008.11.26"]
[SourceVersion "1"]
[SourceVersionDate "2008.11.26"]
[SourceQuality "1"]

1. d4 Nf6 2. c4 e6 3. Nf3 Bb4+ 4. Nbd2 c5 5. a3 Bxd2+ 6. Bxd2 cxd4 7. Nxd4 d5 8. cxd5 Qxd5 9. Bc3 Ne4 10. Qc2 O-O 11. e3 e5 12. Nb5 Bf5 13. f3 Ng3 14. e4 Nxh1 15. Nc7 Qc6 16. Nxa8 Be6 17. O-O-O Nd7 18. Bb5 Qxb5 19. Nc7 Qc6 20. Nxe6 Qxe6 21. Rxh1 Rc8 22. Rd1 Nc5 23. Kb1 b5 24. Rd5 f6 25. Qd1 Rc7 26. Bb4 Qb6 27. Rd6 Rc6 28. Qd5+ Kf8 29. Rd7 Re6 30. Bxc5+ 1-0

[Event "Montcalm V 1998-99"]
[Site "Quebec CAN"]
[Date "1999.02.18"]
[Round "1"]
[White "Auger, Bertrand"]
[Black "Delisle, Louis-Martin"]
[Result "1-0"]
[WhiteElo "2081"]
[BlackElo "1556"]
[PlyCount "63"]
[GameId "2160767911805631"]
[EventDate "1999.02.18"]
[EventType "swiss"]
[EventRounds "5"]
[EventCountry "CAN"]
[SourceTitle "EXT 2022"]
[Source "ChessBase"]
[SourceDate "2021.10.06"]
[SourceVersion "1"]
[SourceVersionDate "2021.10.06"]
[SourceQuality "1"]

1. Nf3 d5 2. g3 Bg4 3. Bg2 c6 4. O-O Nd7 5. d4 e6 6. c4 Ngf6 7. Nbd2 Qc7 8. b3 Bd6 9. Bb2 Bxf3 10. Nxf3 O-O 11. Rc1 Rfe8 12. Nd2 Rad8 13. e4 dxe4 14. Nxe4 Nxe4 15. Bxe4 f5 16. Bg2 c5 17. Qf3 b6 18. d5 f4 19. dxe6 Nf8 20. Rce1 Re7 21. Qg4 Rde8 22. Bd5 Kh8 23. h4 fxg3 24. fxg3 Bxg3 25. Re3 Bh2+ 26. Kh1 Ng6 27. Rf5 Rg8 28. h5 Nf8 29. h6 Ng6 30. hxg7+ Rgxg7 31. Rf7 Kg8 32. Rxg7+ 1-0

[Event "Montcalm V 1998-99"]
[Site "Quebec CAN"]
[Date "1999.02.18"]
[Round "1"]
[White "Caire, Francois"]
[Black "Houle, Jean-Marie"]
[Result "1-0"]
[WhiteElo "1878"]
[BlackElo "1370"]
[PlyCount "54"]
[GameId "2160767911805632"]
[EventDate "1999.02.18"]
[EventType "swiss"]
[EventRounds "5"]
[EventCountry "CAN"]
[SourceTitle "EXT 2022"]
[Source "ChessBase"]
[SourceDate "2021.10.06"]
[SourceVersion "1"]
[SourceVersionDate "2021.10.06"]
[SourceQuality "1"]

1. d4 d5 2. Nc3 c6 3. e4 dxe4 4. Nxe4 Nd7 5. Bc4 h6 6. Nf3 Ngf6 7. Ng3 e6 8. Qe2 Be7 9. Bd2 O-O 10. O-O-O Re8 11. Ne5 Nf8 12. Nh5 Nd5 13. Qg4 Bf6 14. Bxh6 Ng6 15. Nxg6 fxg6 16. Qxg6 Qe7 17. Bxd5 cxd5 18. Nxf6+ Qxf6 19. Qxe8+ Kh7 20. Be3 b6 21. Qh5+ Kg8 22. g4 Qf3 23. Rhg1 Bd7 24. Rg3 Qe2 25. Rh3 Rc8 26. Qh7+ Kf7 27. Qd3 Qxg4 1-0

[Event "Montcalm V 1998-99"]
[Site "Quebec CAN"]
[Date "1999.02.18"]
[Round "1"]
[White "Moisan, Francois"]
[Black "Beaudry, Marc-Andre"]
[Result "1-0"]
[WhiteElo "1694"]
[BlackElo "2078"]
[PlyCount "56"]
[GameId "2160767739706456"]
[EventDate "1999.02.18"]
[EventType "swiss"]
[EventRounds "5"]
[EventCountry "CAN"]

1. e4 e6 2. d4 d5 3. Nd2 Nf6 4. e5 Nfd7 5. Bd3 c5 6. c3 Nc6 7. Ne2 cxd4 8. cxd4 f6 9. exf6 Nxf6 10. O-O Bd6 11. Nf3 Qc7 12. Nc3 a6 13. Re1 O-O 14. h3 Bd7 15. a3 Rae8 16. Be3 Re7 17. Rc1 Qb8 18. Bb1 Be8 19. Ng5 h6 20. h4 Bh5 21. Qd3 g6 22. Nh3 Ng4 23. Ne2 Ref7 24. Rf1 Bc7 25. Nhf4 e5 26. dxe5 Ncxe5 27. Qb3 Nxf2 28. Rxf2 Bxe2 {...} 1-0

[Event "Montcalm V 1998-99"]
[Site "Quebec CAN"]
[Date "1999.02.25"]
[Round "2"]
[White "Moisan, Francois"]
[Black "Caire, Francois"]
[Result "1-0"]
[WhiteElo "1694"]
[BlackElo "1878"]
[PlyCount "87"]
[GameId "2160767911805633"]
[EventDate "1999.02.18"]
[EventType "swiss"]
[EventRounds "5"]
[EventCountry "CAN"]
[SourceTitle "EXT 2022"]
[Source "ChessBase"]
[SourceDate "2021.10.06"]
[SourceVersion "1"]
[SourceVersionDate "2021.10.06"]
[SourceQuality "1"]

1. e4 c5 2. Nf3 Nc6 3. d4 cxd4 4. Nxd4 Nf6 5. Nc3 e5 6. Nb3 Bb4 7. Bg5 h6 8. Bxf6 Bxc3+ 9. bxc3 Qxf6 10. Bc4 Qg6 11. Qf3 d6 12. O-O f5 13. Nd2 f4 14. Rab1 Bg4 15. Qd3 Rb8 16. Bb5 O-O 17. f3 Bh3 18. Rf2 Rfd8 19. Nc4 Ne7 20. Ba4 Be6 21. Rd2 a6 22. Bb3 b5 23. Nb2 Qf7 24. Rbd1 Rbc8 25. Qe2 Bxb3 26. cxb3 Qe6 27. Rd3 Rc7 28. Qd2 Rcd7 29. c4 Nc6 30. cxb5 axb5 31. Rd5 Nd4 32. Rc1 g5 33. Nd3 g4 34. Nxf4 Nxf3+ 35. gxf3 exf4 36. Qxf4 Rf8 37. Rf5 Re8 38. Rf6 Qe5 39. Qxg4+ Rg7 40. Rg6 Ree7 41. Kh1 Kh7 42. Rg1 Rgf7 43. Qh4 Qf4 44. Rg7+ 1-0

[Event "Montcalm V 1998-99"]
[Site "Quebec CAN"]
[Date "1999.02.25"]
[Round "2"]
[White "Potvin, Alain-Nicolas"]
[Black "Auger, Bertrand"]
[Result "0-1"]
[WhiteElo "1717"]
[BlackElo "2081"]
[PlyCount "56"]
[GameId "2160767911805634"]
[EventDate "1999.02.18"]
[EventType "swiss"]
[EventRounds "5"]
[EventCountry "CAN"]
[SourceTitle "EXT 2022"]
[Source "ChessBase"]
[SourceDate "2021.10.06"]
[SourceVersion "1"]
[SourceVersionDate "2021.10.06"]
[SourceQuality "1"]

1. d4 e6 2. Nf3 Nf6 3. Nbd2 d5 4. e3 Be7 5. Bd3 b6 6. e4 dxe4 7. Nxe4 Bb7 8. Qe2 Nbd7 9. Ne5 h6 10. O-O O-O 11. Ng3 c5 12. Be3 Nxe5 13. dxe5 Qd5 14. f4 Nh7 15. Rfd1 Qc6 16. Bb5 Qc8 17. Rd7 Re8 18. Qd2 a6 19. Rxb7 Qxb7 20. Bxe8 Rxe8 21. Rd1 Rd8 22. Qe2 Rd5 23. Qf3 Qd7 24. Rxd5 exd5 25. b4 Qe6 26. bxc5 bxc5 27. c3 f6 28. exf6 Nxf6 0-1

[Event "Montcalm V 1998-99"]
[Site "Quebec CAN"]
[Date "1999.03.04"]
[Round "3"]
[White "Auger, Bertrand"]
[Black "Campbell, Gaetan"]
[Result "1-0"]
[WhiteElo "2081"]
[BlackElo "1774"]
[PlyCount "49"]
[GameId "2160767911805635"]
[EventDate "1999.02.18"]
[EventType "swiss"]
[EventRounds "5"]
[EventCountry "CAN"]
[SourceTitle "EXT 2022"]
[Source "ChessBase"]
[SourceDate "2021.10.06"]
[SourceVersion "1"]
[SourceVersionDate "2021.10.06"]
[SourceQuality "1"]

1. Nf3 d5 2. g3 Bf5 3. c4 d4 4. d3 e6 5. Bg2 Bb4+ 6. Nbd2 c6 7. O-O Bxd2 8. Qxd2 Ne7 9. b3 a5 10. Ba3 Na6 11. Bxe7 Kxe7 12. Qf4 c5 13. Nh4 Qd7 14. Nxf5+ exf5 15. Bh3 g6 16. e4 f6 17. Rae1 Kf7 18. exf5 g5 19. Qf3 h5 20. Bg2 Nb4 21. Re6 Rab8 22. Rfe1 Nc6 23. Qe2 Ne5 24. f4 gxf4 25. gxf4 1-0

[Event "Montcalm V 1998-99"]
[Site "Quebec CAN"]
[Date "1999.03.11"]
[Round "4"]
[White "Caire, Francois"]
[Black "Rostand, Virgile"]
[Result "1-0"]
[WhiteElo "1878"]
[BlackElo "1541"]
[PlyCount "63"]
[GameId "2160767911805636"]
[EventDate "1999.02.18"]
[EventType "swiss"]
[EventRounds "5"]
[EventCountry "CAN"]
[SourceTitle "EXT 2022"]
[Source "ChessBase"]
[SourceDate "2021.10.06"]
[SourceVersion "1"]
[SourceVersionDate "2021.10.06"]
[SourceQuality "1"]

1. d4 d5 2. Nc3 Nf6 3. Bg5 Bf5 4. f3 h6 5. Bxf6 exf6 6. e4 dxe4 7. fxe4 Bh7 8. Nf3 Bb4 9. Bd3 Nc6 10. d5 Ne7 11. O-O O-O 12. Re1 c6 13. dxc6 Nxc6 14. Qd2 Nd4 15. a3 Bc5 16. Kh1 Re8 17. Nd5 f5 18. Nxd4 Bxd4 19. Bb5 Bxb2 20. Rab1 Rxe4 21. Rxe4 fxe4 22. Rxb2 Qd6 23. a4 Rd8 24. Bc4 b6 25. Bb3 Re8 26. Rb1 e3 27. Re1 exd2 28. Rxe8+ Qf8 29. Ne7+ Kh8 30. Rxf8+ Bg8 31. Rxg8+ Kh7 32. Rd8 1-0

[Event "Montcalm V 1998-99"]
[Site "Quebec CAN"]
[Date "1999.03.18"]
[Round "5"]
[White "Auger, Bertrand"]
[Black "Martineau, Michel"]
[Result "1/2-1/2"]
[WhiteElo "2081"]
[BlackElo "1981"]
[PlyCount "61"]
[GameId "2160767911805637"]
[EventDate "1999.02.18"]
[EventType "swiss"]
[EventRounds "5"]
[EventCountry "CAN"]
[SourceTitle "EXT 2022"]
[Source "ChessBase"]
[SourceDate "2021.10.06"]
[SourceVersion "1"]
[SourceVersionDate "2021.10.06"]
[SourceQuality "1"]

1. Nf3 g6 2. g3 Bg7 3. d4 d6 4. b3 c5 5. Bb2 Nc6 6. Bg2 Bg4 7. Nbd2 cxd4 8. h3 Bxf3 9. Nxf3 Qa5+ 10. Kf1 e5 11. a4 Nf6 12. Kg1 O-O 13. Kh2 Ne4 14. Rf1 Nc3 15. Qe1 Rac8 16. Nd2 d5 17. Nb1 Nxb1 18. Rxb1 Qxe1 19. Rfxe1 Rfd8 20. c3 dxc3 21. Bxc3 e4 22. Bd2 Nd4 23. Bg5 Rd7 24. Rbc1 Rdc7 25. Rxc7 Rxc7 26. Rd1 Ne6 27. Bf4 Rc2 28. Rxd5 Rxe2 29. Be3 Rb2 30. Bxe4 Rxb3 31. Rd7 1/2-1/2

[Event "Montcalm VI 1998-99"]
[Site "Quebec CAN"]
[Date "1999.03.25"]
[Round "1"]
[White "Auger, Bertrand"]
[Black "Saint Onge, Roland"]
[Result "1-0"]
[WhiteElo "2042"]
[BlackElo "1603"]
[PlyCount "101"]
[GameId "2160767911805328"]
[EventDate "1999.03.25"]
[EventType "swiss"]
[EventRounds "5"]
[EventCountry "CAN"]
[SourceTitle "EXT 2022"]
[Source "ChessBase"]
[SourceDate "2021.10.06"]
[SourceVersion "1"]
[SourceVersionDate "2021.10.06"]
[SourceQuality "1"]

1. Nf3 c5 2. c4 Nc6 3. Nc3 Nf6 4. g3 e6 5. Bg2 d5 6. cxd5 exd5 7. d4 Be7 8. O-O O-O 9. dxc5 Bxc5 10. Na4 Be7 11. Be3 Ne4 12. Rc1 Qa5 13. a3 Bf6 14. Bc5 Rd8 15. Nd4 Qd2 16. Nxc6 bxc6 17. Bb4 Qxd1 18. Rfxd1 Ba6 19. Ba5 Rdb8 20. Rc2 Bb5 21. Nc5 Nxc5 22. Rxc5 Bxe2 23. Rd2 Bb5 24. b3 Be7 25. Bb4 a5 26. Rxb5 Rxb5 27. Bxe7 Rxb3 28. h4 Re8 29. Bd6 Re6 30. Bc5 Rc3 31. Rb2 h6 32. Rb8+ Kh7 33. Bf8 Re1+ 34. Kh2 Re2 35. Rb1 Rxf2 36. Rf1 Ra2 37. Kh3 Kg8 38. Bd6 h5 39. Bf3 g6 40. g4 hxg4+ 41. Kxg4 f6 42. h5 Rc4+ 43. Kg3 g5 44. Re1 Rb2 45. Re7 Rb3 46. h6 Rcc3 47. Kg4 Rxf3 48. h7+ Kh8 49. Kh5 Rbe3 50. Kg6 Rxe7 51. Bxe7 1-0

[Event "Montcalm VI 1998-99"]
[Site "Quebec CAN"]
[Date "1999.03.25"]
[Round "1"]
[White "Caire, Francois"]
[Black "Lafreniere, Francois"]
[Result "1-0"]
[WhiteElo "1857"]
[BlackElo "1696"]
[PlyCount "75"]
[GameId "2160767911805329"]
[EventDate "1999.03.25"]
[EventType "swiss"]
[EventRounds "5"]
[EventCountry "CAN"]
[SourceTitle "EXT 2022"]
[Source "ChessBase"]
[SourceDate "2021.10.06"]
[SourceVersion "1"]
[SourceVersionDate "2021.10.06"]
[SourceQuality "1"]

1. d4 c5 2. d5 Nf6 3. c4 b5 4. cxb5 a6 5. f3 axb5 6. e4 d6 7. Bxb5+ Bd7 8. Bxd7+ Nbxd7 9. Ne2 g6 10. O-O Bg7 11. Nbc3 O-O 12. Qc2 Qb6 13. Be3 Rfb8 14. Rab1 Qa6 15. b3 Ne5 16. Rfd1 Nfd7 17. f4 Ng4 18. Qd2 Nb6 19. h3 Nxe3 20. Qxe3 Nd7 21. Qd3 Qa7 22. Kh1 Rb4 23. Rdc1 Qa5 24. a4 Rab8 25. Nb5 Nf6 26. Nec3 Qd8 27. Re1 Qc8 28. Qf3 c4 29. Na7 Qc7 30. Nc6 Rxb3 31. Nxb8 Qxb8 32. Rxb3 cxb3 33. Nb5 Nd7 34. Qxb3 Nc5 35. Qc4 Qa8 36. e5 Qxa4 37. Qxa4 Nxa4 38. exd6 1-0

[Event "Montcalm VI 1998-99"]
[Site "Quebec CAN"]
[Date "1999.04.01"]
[Round "2"]
[White "Moisan, Francois"]
[Black "Auger, Bertrand"]
[Result "0-1"]
[WhiteElo "1790"]
[BlackElo "2042"]
[PlyCount "67"]
[GameId "2160767911805330"]
[EventDate "1999.03.25"]
[EventType "swiss"]
[EventRounds "5"]
[EventCountry "CAN"]
[SourceTitle "EXT 2022"]
[Source "ChessBase"]
[SourceDate "2021.10.06"]
[SourceVersion "1"]
[SourceVersionDate "2021.10.06"]
[SourceQuality "1"]

1. e4 e6 2. d4 d5 3. Nd2 Nf6 4. e5 Nfd7 5. Bd3 c5 6. c3 Nc6 7. Ngf3 cxd4 8. cxd4 f6 9. exf6 Nxf6 10. O-O Bd6 11. Re1 O-O 12. Nf1 Qb6 13. Ng3 Kh8 14. Bb1 Bd7 15. a3 Rae8 16. Ra2 e5 17. dxe5 Nxe5 18. Be3 Nxf3+ 19. gxf3 Qc7 20. b4 g6 21. Rae2 Bb5 22. Bd3 Bxd3 23. Qxd3 Qc4 24. Qd1 Rf7 25. Bxa7 Rxe2 26. Rxe2 h5 27. Rc2 Qf4 28. Bd4 h4 29. Nf1 Qg5+ 30. Kh1 Kh7 31. Qd3 Nd7 32. Rc8 Ne5 33. Qe3 Rf4 34. Re8 0-1

[Event "Montcalm VI 1998-99"]
[Site "Quebec CAN"]
[Date "1999.04.08"]
[Round "3"]
[White "Auger, Bertrand"]
[Black "Campbell, Gaetan"]
[Result "1-0"]
[WhiteElo "2042"]
[BlackElo "1797"]
[PlyCount "31"]
[GameId "2160767911805331"]
[EventDate "1999.03.25"]
[EventType "swiss"]
[EventRounds "5"]
[EventCountry "CAN"]
[SourceTitle "EXT 2022"]
[Source "ChessBase"]
[SourceDate "2021.10.06"]
[SourceVersion "1"]
[SourceVersionDate "2021.10.06"]
[SourceQuality "1"]

1. Nf3 d5 2. g3 Bf5 3. Bg2 e6 4. O-O Be7 5. d3 h5 6. Nbd2 h4 7. e4 Bg4 8. h3 Bxf3 9. Qxf3 hxg3 10. fxg3 Bc5+ 11. Kh2 Qf6 12. Qe2 Qe5 13. Nf3 Qh5 14. d4 Bb6 15. exd5 Na6 16. a4 1-0